00596nam a2200193Ia 4500003000900000008004100009020001800050040001600068080001200084100001900096245014200115260003900257300001000296650004100306650001400347650001200361650001000373650001900383IN-BaIIA211028s9999 xx 000 0 eng d a81-7036-240-7 cIIA Library a37bKUM aKumar, Krishna 0aPolitical agenda of educationba study of colonialist and nationalist ideascKrishna Kumar  aNew DelhibSage Publicationsc1991 a210p. aAstronomy and Astrophysics Thesaurus aEducation aHistory aIndia aSocial Aspects